[Event "CZE-ch U14"]
[Site "Kouty nad Desnou"]
[Date "2020.03.11"]
[Round "6"]
[White "Prochazka, Vojtech"]
[Black "Vilimek, Vit"]
[Result "1-0"]
[WhiteElo "1763"]
[BlackElo "1695"]
[PlyCount "61"]
[EventDate "2020.03.07"]
[EventType "swiss"]
[EventRounds "7"]
[EventCountry "CZE"]
[SourceTitle "CBM 195 Extra"]
[Source "ChessBase"]
[SourceDate "2020.05.31"]
[SourceVersion "1"]
[SourceVersionDate "2020.05.31"]
[SourceQuality "1"]

1. e4 e5 2. Nf3 Nc6 3. Bb5 a6 4. Ba4 Nf6 5. 0-0 b5 6. Bb3 Be7 7. Re1 0-0 8. c3 d5 9. exd5 Nxd5 10. Nxe5 Nxe5 11. Rxe5 c6 12. d4 Bd6 13. Re1 Qh4 14. g3 Qh3 15. Qe2 Bf5 16. Nd2 Nf4 17. gxf4 Bxf4 18. f3 Qh4 19. Nf1 Bd6 20. Qf2 Qf6 21. Ng3 Bh3 22. Bc2 Rae8 23. Bd2 Bf4 24. Bxf4 Qxf4 25. Bd3 Qg5 26. Kh1 Qh4 27. Bf1 Bd7 28. Kg1 Qg5 29. Bg2 f5 30. f4 h5 31. fxg5 1-0

[Event "EU-ch U14"]
[Site "Bratislava"]
[Date "2019.08.10"]
[Round "9"]
[White "Falkevall, Axel"]
[Black "Prochazka, Vojtech"]
[Result "1-0"]
[WhiteElo "2046"]
[BlackElo "1785"]
[PlyCount "79"]
[EventDate "2019.08.02"]
[EventType "swiss"]
[EventRounds "9"]
[EventCountry "SVK"]
[SourceTitle "EXT 2020"]
[Source "ChessBase"]
[SourceDate "2019.10.17"]
[SourceVersion "1"]
[SourceVersionDate "2019.10.17"]
[SourceQuality "1"]

1. e4 e5 2. Nf3 Nc6 3. Bb5 Bc5 4. c3 Nf6 5. 0-0 0-0 6. d4 Bb6 7. Bg5 h6 8. Bh4 d6 9. Bxc6 bxc6 10. dxe5 dxe5 11. Qxd8 Rxd8 12. Nxe5 g5 13. Nxc6 Re8 14. Bg3 Nxe4 15. Nd4 Nxg3 16. hxg3 Bxd4 17. cxd4 Rd8 18. Rd1 c5 19. d5 Bb7 20. Nc3 Rd7 21. Ne4 Rdd8 22. Rd2 f5 23. Nxc5 Rxd5 24. Rxd5 Bxd5 25. a3 Rc8 26. b4 a5 27. Rd1 axb4 28. axb4 Bc6 29. Rd6 Kh7 30. f3 Be8 31. Kf2 Rb8 32. Na6 Rb7 33. Re6 Bf7 34. Rc6 Kg7 35. Ke3 Bd5 36. Rc7+ Kf6 37. Kd4 Rb6 38. Kxd5 Rxa6 39. Rc6+ Rxc6 40. Kxc6 1-0

[Event "EU-ch U14"]
[Site "Bratislava"]
[Date "2019.08.08"]
[Round "7"]
[White "Soucek, Petr"]
[Black "Prochazka, Vojtech"]
[Result "1/2-1/2"]
[WhiteElo "1882"]
[BlackElo "1785"]
[PlyCount "53"]
[EventDate "2019.08.02"]
[EventType "swiss"]
[EventRounds "9"]
[EventCountry "SVK"]
[SourceTitle "EXT 2020"]
[Source "ChessBase"]
[SourceDate "2019.10.17"]
[SourceVersion "1"]
[SourceVersionDate "2019.10.17"]
[SourceQuality "1"]

1. d4 d5 2. Bf4 Nf6 3. e3 c5 4. c3 Nc6 5. Nd2 Bf5 6. Qb3 Qc8 7. Ngf3 e6 8. h3 Be7 9. Be2 h6 10. a4 0-0 11. 0-0 c4 12. Qa2 a6 13. b4 Qd8 14. Bd1 Bd6 15. Bc2 Bxc2 16. Qxc2 Qc7 17. Bxd6 Qxd6 18. b5 axb5 19. axb5 Na5 20. Ne5 Nd7 21. f4 Rfe8 22. e4 f6 23. Nxd7 Qxd7 24. Rab1 b6 25. Nf3 Nb3 26. e5 f5 27. Nd2 1/2-1/2

[Event "EU-ch U14"]
[Site "Bratislava"]
[Date "2019.08.02"]
[Round "1"]
[White "Biletskiy, Danylo"]
[Black "Prochazka, Vojtech"]
[Result "1-0"]
[WhiteElo "2124"]
[BlackElo "1785"]
[PlyCount "61"]
[EventDate "2019.08.02"]
[EventType "swiss"]
[EventRounds "9"]
[EventCountry "SVK"]
[SourceTitle "EXT 2020"]
[Source "ChessBase"]
[SourceDate "2019.10.17"]
[SourceVersion "1"]
[SourceVersionDate "2019.10.17"]
[SourceQuality "1"]

1. g3 g6 2. Bg2 Bg7 3. c4 c5 4. Nc3 Nc6 5. Nf3 Nf6 6. d4 cxd4 7. Nxd4 0-0 8. Nc2 d6 9. 0-0 Nd7 10. Bd2 Nb6 11. b3 a5 12. Ne3 Be6 13. Rb1 Qd7 14. Ned5 Bxd5 15. cxd5 Nb4 16. a3 Na6 17. e4 Nc5 18. a4 Qd8 19. Nb5 Nbd7 20. f4 Rc8 21. Qe2 Nb8 22. Na7 Qb6 23. Nxc8 Rxc8 24. Be3 Nbd7 25. Bh3 Rd8 26. Bxd7 Rxd7 27. Rfc1 Qd8 28. Rc4 b6 29. b4 axb4 30. Rcxb4 Rb7 31. a5 1-0

[Event "EU Union-ch U12"]
[Site "Kouty nad Desnou"]
[Date "2018.08.15"]
[Round "9"]
[White "Prochazka, Vojtech"]
[Black "Kostov, Deyan Samuil"]
[Result "1-0"]
[WhiteElo "1554"]
[BlackElo "1934"]
[PlyCount "87"]
[EventDate "2018.08.07"]
[EventType "swiss"]
[EventRounds "9"]
[EventCountry "CZE"]
[SourceTitle "CBM 186 Extra"]
[Source "ChessBase"]
[SourceDate "2018.08.24"]
[SourceVersion "1"]
[SourceVersionDate "2018.08.24"]
[SourceQuality "1"]

1. e4 c5 2. Nf3 d6 3. c3 Nf6 4. h3 Nc6 5. Bd3 g6 6. 0-0 Bg7 7. Re1 Nd7 8. Na3 0-0 9. Bf1 a6 10. d4 b6 11. Be3 Bb7 12. Qd2 Re8 13. Bh6 Bh8 14. Nc2 b5 15. Ne3 Nf6 16. d5 Ne5 17. Nxe5 dxe5 18. Ng4 Nxg4 19. hxg4 Qd6 20. c4 b4 21. Bd3 Bf6 22. g3 Bc8 23. f3 e6 24. Kg2 Bg7 25. Rh1 Qf8 26. Rh2 f6 27. Rah1 Ra7 28. Be3 Bh8 29. Qf2 Rc7 30. b3 a5 31. Bc2 exd5 32. cxd5 Ba6 33. Qd2 Qd6 34. Bd3 Rec8 35. Bxa6 Qxa6 36. d6 Rd7 37. Qd5+ Kf8 38. Rxh7 Rxh7 39. Rxh7 Bg7 40. Bxc5 Qe2+ 41. Bf2 Qa6 42. d7 Rd8 43. Bc5+ Qd6 44. Bxd6# 1-0